Practical approach to ICT strategic planning
| Main Author: | |
|---|---|
| Format: | Book |
| Published: |
Kuala Lumpur :
Institut Tadbiran Awam Negara ,
2003
|
| Subjects: |
MARC
| LEADER | 00000cam a2200000 7i4500 | ||
|---|---|---|---|
| 001 | 0000003209 | ||
| 005 | 20050315.0 | ||
| 020 | 0 | 0 | |a 967993392X |
| 090 | 0 | 0 | |a 004.6 |b RMM |
| 100 | 0 | 0 | |a Raja Malik Mohamed |
| 245 | 0 | 0 | |a Practical approach to ICT strategic planning |c Raja Malik Mohamed |
| 260 | 0 | 0 | |a Kuala Lumpur : |b Institut Tadbiran Awam Negara , |c 2003 |
| 300 | |a xvii, 158p. : |b ill. ; |c 21cm. | ||
| 650 | 0 | 0 | |a Information networks |x planning |
| 650 | 0 | 0 | |a Information technology |x planning |
| 999 | |a 0000006170 |b Monograph |c Open Shelf |e Default branch | ||